00612nam a2200157 4500001000700000003000900007007000300016008004100019100003100060245013800091260003200229300002200261852003100283999001900314952012100333107320ES-MaACLt|061121s1958 ve r ||||1| spa d1 aMorón, Guillermo.98363810aHistoria de Venezuela b: texto adaptado de los programas oficiales de educación secundaria, normal y especial / cGuillermo Moron. aCaracas : b[s.n.], c1958. a262 p. ; c21 cm. aES-MaACLjE-3486 bR.42742 c107320d107320 00104070aATENEOMbATENEOMcDEPO2d2008-01-17eSCl0oE-3486p1112009r2023-02-23 00:00:00w2023-02-23yMONOGRAFIA